| 000 | 01134nam0a2200325 4500 | ||
|---|---|---|---|
| 001 | RU\NLR\bibl\1746227 | ||
| 005 | 20260407234630.0 | ||
| 010 | _a978-5-7533-0537-4 | ||
| 021 |
_aRU _b2011-13163 _9940 |
||
| 035 | _a(nilc)RSL-KNO-004898445 | ||
| 035 | _a(NLR Aleph) 001737122 | ||
| 090 |
_a1436127 _c1436127 |
||
| 100 | _a20110309d2011 |||y0rusy50 ca | ||
| 101 | 0 | _arus | |
| 102 | _aRU | ||
| 105 | _aa ||||||||| | ||
| 200 | 1 | _aЛетопись Сретенской духовной семинарии | |
| 210 |
_a[Б. м. _cб. и.] _d2011 |
||
| 215 |
_a48, [1] с. _cцв. ил., портр. _d30 |
||
| 601 | 0 | 2 |
_aСретенская духовная семинария _cМосква, город _92607870 _3RU\NLR\auth\661544428 |
| 686 |
_aЭ372.24-677.3,0 _2rubbk |
||
| 686 | _aЭ372.24-677.3 | ||
| 711 | 0 | 2 |
_aСретенская духовная семинария _cМосква _9819058 _3RU\NLR\AUTH\8810161586 |
| 801 | 0 |
_aRU _bRuMoRKP _c20110309 _grcr |
|
| 801 | 1 |
_aRU _bRuMoRGB _c20110309 |
|
| 801 | 2 |
_aRU _bNLR _c20110315 _grcr |
|
| 942 | _cBOOK | ||
| 980 | _aNB | ||